BTS - Membres par photo - Statistiques

Statistiques générales
  • Ce quiz a été pris 637 fois
  • Le résultat moyen est 7 sur 7
Statistiques - réponses
Par images Réponse % Correct
Jimin
98%
Jin
98%
RM
98%
Suga
98%
V
98%
Jungkook
97%
J-Hope
96%
Aucun quiz correspondant
Distribution des résultats
% des personnes avec chaque résultat
Percentile par nombre de réponses
Votre historique - résultats
Vous n’avez pas pris ce quiz